Hướng dẫn giải thích Nghị định thư Cartagena về An toàn sinh học

में बचाया:
ग्रंथसूची विवरण
स्वरूप: पुस्तक
भाषा:Undetermined
प्रकाशित: Hà Nội Cục Môi trường 2003
विषय:
टैग : टैग जोड़ें
कोई टैग नहीं, इस रिकॉर्ड को टैग करने वाले पहले व्यक्ति बनें!
Thư viện lưu trữ: Trung tâm Học liệu Trường Đại học Cần Thơ
LEADER 00550nam a2200169Ia 4500
001 CTU_62934
008 210402s9999 xx 000 0 und d
082 |a 341.76757 
082 |b H561 
245 0 |a Hướng dẫn giải thích Nghị định thư Cartagena về An toàn sinh học 
245 0 |c Ruth Mackenzie ... [et al.] 
260 |a Hà Nội 
260 |b Cục Môi trường 
260 |c 2003 
650 |a International law 
904 |i Minh (Nguyên sửa) 
980 |a Trung tâm Học liệu Trường Đại học Cần Thơ